000 00340 a2200145 4500
005 20250414151645.0
020 _a0-582-42252-3
082 _a657 WOO
100 _aWOOD, F.
245 _aBusiness Accounting 2
250 _a2nd Ed.
260 _aLondon,
_bLongman,
_c1973.
300 _a1094p.: ill,; table
_bIndex.
_c18cm.
942 _2ddc
_cBKS
999 _c1404
_d1404